| 000 | 01030cam a2200325 i 4500 | ||
|---|---|---|---|
| 001 | 200453542 | ||
| 999 |
_c200453542 _d71754 |
||
| 003 | TR-AnTOB | ||
| 005 | 20250930113232.0 | ||
| 007 | ta | ||
| 008 | 230721t20222011tu 000 0 tur d | ||
| 020 | _a9789750741777 | ||
| 040 |
_aTR-AnTOB _beng _erda _cTR-AnTOB |
||
| 041 | 1 |
_atur _hjpn |
|
| 050 | 4 |
_aPL833.I7 _bM3619 2022 |
|
| 090 |
_aPL833.I7 _bM3619 2022 |
||
| 100 | 1 |
_aMishima, Yukio, _d1925-1970 _eauthor _97679 |
|
| 240 | 1 | 0 |
_aManatsu no Şi. _lTurkish |
| 245 | 1 | 0 |
_aYaz ortasında ölüm : _bÖykü / _cYukio Mişima ; Japonca aslından çeviren: H. Can Erkin. |
| 250 | _a8. Basım | ||
| 264 | 1 |
_aİstanbul : _bCan Sanat Yayınları , _c2022. |
|
| 264 | 4 | _c©2011 | |
| 300 |
_a249 pages ; _c20 cm |
||
| 336 |
_atext _btxt _2rdacontent |
||
| 337 |
_aunmediated _bn _2rdamedia |
||
| 338 |
_avolume _bnc _2rdacarrier |
||
| 651 | 7 |
_aJaponya _xSosyal yaşam ve gelenekler _vRoman _2etuturkob _9142661 |
|
| 700 | 1 |
_aErkin, Hüseyin Can _etranslator _9109869 |
|
| 942 |
_2lcc _cBK |
||